000 01489nam a2200433 c 4500
001 24882
003 ES-MaCES
005 20141221122932.0
008 130222s2012 sp bd t o100 | spa d
017 _aM 36371-2012
_bDL
024 7 _a685-12-017-6
_2nipo
035 _aCES20130000695m
040 _aES-MaCES
_bspa
_cES-MaCES
111 2 _aJornadas de la Red de Mujeres Profesionales de la Salud
_n12ª y 13ª
_d2010 y 2011
_91202
245 1 0 _aGénero y salud
_cXII y XIII Jornadas de la Red de Mujeres Profesinales de la Salud, [celebradas en 2010 y 2011]
260 _aMadrid
_bInstituto de la Mujer
_c2012
300 _a128 p.
_bmapas, gráf. bl. y n.
_c30 cm
490 1 _aSerie Debate
_v52
504 _aBibliografía
541 _cGratuito
650 4 _aconferencia
_927013
650 4 _ainvestigación sociológica
_927260
650 4 _ainfancia
_928518
650 4 _aasistencia a las personas de edad avanzada
_927061
650 4 _amujeres rurales
_929429
650 4 _apersonal médico
_927060
650 4 _apolítica sanitaria
_929366
650 4 _auso indebido de drogas
_927048
650 4 _asalud en el trabajo
_928347
650 4 _aestado de salud
_930671
650 4 _asalud
_928680
650 4 _amujeres
_928657
653 1 0 _aMujer
787 0 _tGénero y salud
_w(ES-MaCES)22092
830 0 _aDebate (Instituto de la Mujer (España))
_v52
_932789
902 _aLIB Libro
942 _2CES
_cBK
_h3.3.
999 _c24882
_d24882